[Event "11th Mumbai Mayors Cup 2018"]
[Site "Mumbai"]
[Date "2018.06.10"]
[Round "10"]
[White "Raja Rithvik R"]
[Black "Rahman, Ziaur"]
[Result "1/2-1/2"]
[WhiteElo "2296"]
[BlackElo "2498"]
[Annotator "TA"]
[PlyCount "24"]
[EventDate "2018.??.??"]
[EventType "swiss"]
[EventCountry "IND"]
[SourceTitle "playchess.com"]
[Source "ChessBase"]
[SourceQuality "1"]

{[%evp 23,24,0,28]} 1. Nf3 d5 2. d4 Nf6 3. c4 e6 4. g3 Be7 5. Bg2 O-O 6. O-O c6 7. Qc2 b6 8. Bf4 Bb7 9. Rd1 Nh5 10. Bc1 Nf6 11. Bf4 $146 ({Vorgänger:} 11. b3 Nbd7 12. Nc3 Rc8 13. e4 c5 14. dxc5 dxc4 15. b4 a5 16. a3 axb4 17. axb4 bxc5 18. b5 Qc7 19. Bf4 e5 20. Bg5 Nb6 21. Nd2 {½-½ (32) Nakamura,H (2787)-Carlsen,M (2855) Bilbao 2016}) 11... Nh5 12. Bc1 Nf6 1/2-1/2

[Event "11th Mumbai Mayors Cup 2018"]
[Site "Mumbai"]
[Date "2018.06.10"]
[Round "10"]
[White "Deshmukh, Anup"]
[Black "Burmakin, Vladimir"]
[Result "1-0"]
[WhiteElo "2267"]
[BlackElo "2528"]
[Annotator "TA"]
[PlyCount "83"]
[EventDate "2018.??.??"]
[EventType "swiss"]
[EventCountry "IND"]
[SourceTitle "playchess.com"]
[Source "ChessBase"]
[SourceQuality "1"]

{[%evp 12,83,14,6,8,10,30,7,16,5,19,13,17,10,27,10,33,22,59,66,63,58,58,31,86,47,50,58,95,95,99,91,116,108,155,154,168,168,185,185,185,185,185,185,193,185,195,195,200,193,222,222,290,290,1071,1058,1061,1041,968,948,1458,1427,2278,1912,29990,29991,29994,29995,29995,29996,29996,29993,29993,29994]} 1. c4 c5 2. Nf3 g6 3. g3 Bg7 4. Bg2 Nc6 5. O-O Nh6 6. Nc3 Nf5 7. a3 O-O {A37: Symmetrical English vs ...g6: 4 Bg2 Bg7 5 Nf3} 8. Rb1 (8. b4 Nxb4 9. axb4 cxb4 10. d4 bxc3 11. e4 Nd6 12. Qd3 b5 13. cxb5 Qb6 14. Ba3 Qxb5 15. Qc2 {½-½ (57) Svidler,P (2749)-Carlsen,M (2837) Astana 2012}) 8... a5 9. b3 e6 {The position is equal.} 10. Ne1 d6 11. Bb2 $146 ({Predecessor:} 11. Nc2 Nfd4 12. e3 Nxc2 13. Qxc2 h5 14. Bb2 h4 15. Ne2 Bxb2 16. Qxb2 {½-½ (33) Konyshev,A (2304)-Gontcharov,V (2422) Kemerovo 2012}) 11... Rb8 12. e3 Bd7 13. Nc2 Qe7 14. Re1 Rfd8 15. d4 Na7 16. a4 Nc6 17. Nb5 Be8 (17... e5 $14) 18. Qd2 Nb4 19. Nxb4 cxb4 20. e4 Nh6 21. f4 {[%cal Bf2f4,Bf4f5][%mdl 32]} f6 22. Qf2 g5 23. f5 e5 24. d5 Rd7 25. Bf3 Qd8 26. Bc1 b6 27. Be3 Kf8 28. Rf1 Ng8 29. Qe2 Rdb7 30. Rbc1 Rc8 31. Bh5 Ke7 32. Bxe8 Qxe8 $2 {[#]} (32... Kxe8 33. Qh5+ Kf8 34. Qxh7 Rcb8) 33. Nxd6 $1 $18 {[%mdl 512]} Kxd6 34. c5+ Ke7 35. c6 Rbb8 36. Rfd1 Kd6 37. Qb5 {Threatening mate with Bc5+!} Bf8 {[#]} 38. Bc5+ $1 {[%mdl 512] White mates.} bxc5 39. Qxc5+ Kc7 40. d6+ Bxd6 41. Qxd6+ Kb6 42. c7+ {Precision: White = 77%, Black = 27%.} 1-0

[Event "11th Mumbai Mayors Cup 2018"]
[Site "Mumbai"]
[Date "2018.06.10"]
[Round "10"]
[White "Nguyen, Phuoc Tam"]
[Black "Viani Antonio Dcunha"]
[Result "0-1"]
[WhiteElo "2214"]
[BlackElo "2424"]
[Annotator "TA"]
[PlyCount "138"]
[EventDate "2018.??.??"]
[EventType "swiss"]
[EventCountry "IND"]
[SourceTitle "playchess.com"]
[Source "ChessBase"]
[SourceQuality "1"]

{[%evp 19,138,2,0,-18,-9,-54,0,0,24,-18,0,-76,-67,-109,-54,-60,-45,-64,-64,-123,-124,-175,-180,-182,-183,-191,-185,-195,-145,-170,-139,-155,-161,-166,-135,-129,-129,-182,-4,-178,-189,-225,-210,-227,-128,-148,-133,-142,-132,-134,-45,-44,-63,-72,-57,-60,-62,-121,-8,-8,-8,-50,-20,-5,-9,-44,-47,-66,0,-80,-60,-82,-78,-276,-97,-190,-78,-136,-120,-253,-120,-120,-120,-173,-160,-554,-551,-593,-575,-968,-984,-926,-789,-2222,-1770,-29982,-4441,-4427,-4427,-4433,-4433,-5057,-4433,-5065,-5395,-4610,-1096,-29986,-29987,-29987,-4433,-4433,-4433,-29988,-29989,-29989,-29990,-29990,-29991,-29991,-29992]} 1. Nf3 d6 2. d4 Nf6 3. g3 g6 4. Bg2 Bg7 5. O-O O-O 6. c4 Nc6 7. d5 Na5 8. Nfd2 c5 9. Nc3 a6 10. a4 e6 {LiveBook: 3 Games. E66: King's Indian: Fianchetto: 6...c5 7 0-0 Nc6 8 d5} (10... Bf5 11. e4 Bg4 12. Qc2 Qc8 13. b3 e5 14. Bb2 Bd7 15. Nd1 b5 16. axb5 axb5 17. Ne3 b4 18. f4 {0-1 (52) Maghsoodloo,P (2584)-Tukhaev,A (2558) Kocaeli 2017}) 11. Re1 Re8 12. e4 $146 ({Predecessor:} 12. Qc2 Rb8 13. e4 exd5 14. cxd5 b5 15. Nd1 Nxd5 16. Ne3 Nb4 {0-1 (16) Weiss,M (2008)-Klundt,K (2385) Forchheim 2002}) 12... Qb6 (12... exd5 $15 13. cxd5 Ng4) 13. Rb1 $11 Bd7 14. Qc2 exd5 15. cxd5 (15. Nxd5 $11 Nxd5 16. cxd5) 15... c4 $1 $17 16. h3 Rac8 (16... Qc7 $17) 17. Nf3 $15 Nb3 18. Be3 Qb4 19. Nd2 (19. a5 $15) 19... Bxa4 $17 20. f4 (20. Nxb3 $17 Bxb3 21. Qd2) 20... Nd7 $19 21. Kh2 Ndc5 22. Nxa4 Nxa4 ({Resist} 22... Qxa4 23. Bxc5 Rxc5 24. Rbd1 $17) 23. e5 b5 24. Ne4 dxe5 25. fxe5 Rxe5 26. Bf4 Rxd5 {aiming for ...Rd7.} 27. Nf6+ Bxf6 28. Bxd5 Qc5 $2 (28... Rd8 $19 29. Bh6 Bg7) 29. Qg2 $2 (29. Rbd1 $1 $11) 29... Kg7 30. Be5 Bxe5 31. Rxe5 Nb6 (31... Qd6 $19 32. Ree1 Nbc5) 32. Rbe1 $17 Nxd5 33. Rxd5 Qc6 34. Qf3 Nd4 ({Black should play} 34... Nc5 $1 $17 35. Re7 Qf6 36. Qxf6+ Kxf6) 35. Qe4 $15 Ne6 36. Qe5+ Kg8 37. Red1 b4 38. Rd6 (38. Qf6 $15) 38... Qa4 ({Better is} 38... Qf3 $17 39. R1d2 c3 40. bxc3 Qxc3 41. Qxc3 Rxc3 42. Rxa6 b3) 39. Rf1 $1 $132 {[%mdl 2048] Strongly threatening Rxe6. White is not keeping still} Qe8 {Black wants to play ...c3.} 40. h4 c3 41. bxc3 bxc3 42. Rc1 Qb5 43. Qe3 Qb3 {[#]} ({Black should try} 43... Qb2+ $15 44. Kg1 Qb7) 44. Rxa6 (44. Rd2 $3 $11 {[%mdl 512] keeps the balance.}) 44... Qb2+ $17 45. Kh3 $1 {[#] Hoping for Rxe6.} Nd4 $1 {[%mdl 512]} 46. Ra7 $2 (46. h5 $17 {was the only chance.}) (46. Qxd4 Qxc1) 46... c2 $2 (46... Nf5 $19 {is more deadly.} 47. Qe1 c2) 47. Qf4 (47. Rc7 $17 {was worth a try.} Qb8 48. Rxc8+ Qxc8+ 49. Kh2) 47... Rf8 (47... Nf5 $19 {White must now prevent ...h5.} 48. h5 Qf6) 48. Qd2 (48. Re1 $142) 48... Qb6 49. Re7 (49. Ra3 $17 {was the only defense.}) 49... Qf6 (49... Qd8 $1 $19 {[%cal Rd8e7]} 50. Re3 Qd7+ 51. Kg2 Rc8) 50. Re3 Rc8 {And now ...Nb3! would win.} 51. Kg2 {[#]} (51. Qd3 $17) 51... Qc6+ $1 $19 52. Kh3 $2 {[#]} (52. Kh2 $17 Qc4 53. Kh3) 52... Nb3 $1 {[%mdl 512]} 53. Rxb3 Qe6+ 54. Kh2 Qxb3 {[%mdl 4096] Endgame KQR-KQR} 55. h5 Qc3 56. Qe2 gxh5 57. Qxh5 Rc6 (57... Qd2+ $142 58. Kh3 Rc6 59. Rh1 Rh6 60. g4 Rxh5+ 61. gxh5 Qe3+ 62. Kh2 f5 63. Rg1+ {[#]} Qxg1+ $1 {[%mdl 512]} 64. Kxg1 f4 65. h6 c1=Q+ 66. Kf2 Qe3+ 67. Kg2 f3+ 68. Kg3 f2+ 69. Kg2 Qf4 70. Kf1 Kf7 71. Kg2 f1=Q#) 58. Qg5+ Rg6 59. Qf4 Kg7 60. Kg2 h5 61. Rf1 Qf6 {( -> ...Qxf4)} 62. Qe3 Qd6 (62... Qc6+ $142 63. Kh3 Rd6 64. Qg5+ Kf8) 63. Qb3 Qc6+ 64. Kh2 Rf6 (64... Re6 $142 65. Qd3 c1=Q 66. Rxc1 Qxc1 67. Qd4+ Kg6 68. Qd3+ Kh6 69. Qf3 Qb2+ 70. Kh3 Re2 71. g4 Rh2+ 72. Kg3 h4+ 73. Kf4 Rf2 74. Qxf2 Qxf2+ 75. Ke4 h3 76. Kd5 h2 77. Kc4 h1=Q 78. g5+ Kxg5 79. Kb4 Qd4+ 80. Kb3 Qb1+ 81. Ka3 Qdb4#) 65. Qb2 {[#]} Kg8 $1 {[%mdl 512]} 66. Qb8+ Kh7 {Black mates.} 67. Rxf6 Qxf6 68. Qc7 Qf2+ 69. Kh3 Qf1+ {Precision: White = 33%, Black = 52%.} 0-1

[Event "11th Mumbai Mayors Cup 2018"]
[Site "Mumbai"]
[Date "2018.06.10"]
[Round "10"]
[White "Aaryan Varshney"]
[Black "Mozharov, Mikhail"]
[Result "1/2-1/2"]
[WhiteElo "2209"]
[BlackElo "2558"]
[Annotator "TA"]
[PlyCount "173"]
[EventDate "2018.??.??"]
[EventType "swiss"]
[EventCountry "IND"]
[SourceTitle "playchess.com"]
[Source "ChessBase"]
[SourceQuality "1"]

{[%evp 21,173,-21,-19,-25,-21,-54,-13,-60,-53,-86,-68,-108,-90,-88,-100,-110,-106,-129,-123,-123,-122,-129,-130,-137,-139,-160,-145,-147,-147,-184,-163,-158,-146,-235,-124,-124,-110,-149,-134,-138,-141,-131,-132,-186,-130,-188,-133,-186,-131,-211,-207,-205,-185,-178,-143,-146,-51,-43,-45,-52,-45,-45,-45,-48,-48,-35,-35,-36,-36,-44,-37,-135,-119,-121,-103,-132,-155,-140,-144,-133,-69,-87,-16,-21,-11,-14,-22,-18,0,-6,0,-12,0,0,0,0,0,0,0,0,0,0,0,-4,0,0,0,0,0,0,0,0,0,0,0,0,0,0,0,0,0,-12849,-12849,-12850,-12851,-12851,0,0,0,0,0,0,0,0,0,0,0,0,0,0,0,0,0,0,0,0,0,0,0,0,0,0,0,-12851]} 1. Nf3 d5 2. g3 Nf6 3. Bg2 c5 4. c3 Nc6 5. d4 cxd4 6. cxd4 Bf5 7. Nc3 e6 8. O-O Be7 9. Bf4 O-O 10. Rc1 h6 11. Ne5 Rc8 12. h3 {D13: Slav Defence: Exchange variation without ...Bf5} (12. Nxc6 Rxc6 13. Na4 Rxc1 14. Qxc1 Qd7 15. Qc7 Qxc7 16. Bxc7 Rc8 17. Bf4 Rc4 18. Nc5 Rxd4 19. Nxb7 Rb4 {0-1 (33) Martinez,J (2161)-Echavarria,J (2370) Medellin 2016}) 12... Qb6 $146 ({Predecessor:} 12... Bd6 13. Nxc6 Rxc6 14. Qd2 Bxf4 15. Qxf4 Qa5 16. g4 Bg6 17. h4 Qb4 18. g5 hxg5 19. hxg5 Nd7 {0-1 (63) Drkulec,V (2063)-Morrison,K (2149) Kitchener 2008}) 13. Na4 Qa6 14. Nxc6 (14. Nc5 $5 {[%cal Rc5a6]} Qxa2 15. g4 $15) 14... Rxc6 15. Nc3 Rfc8 16. a3 Qb6 17. Qd2 Qb3 18. Ra1 Rb6 19. Ra2 Ne4 20. Bxe4 Bxe4 ({Don't play} 20... dxe4 21. g4 $15) 21. Rfa1 Bg6 22. Kh2 Rc4 23. h4 Rbc6 24. Be3 Bf6 25. Qd1 Bc2 26. Qd2 a6 27. f3 (27. a4 $17 {was called for.}) 27... Bg6 (27... e5 $1 $19 {[%cal Re5d4]} 28. Nxd5 exd4) 28. Bf2 Bd8 29. Qd1 Bc2 30. Qg1 Bf6 31. e3 h5 32. Kg2 (32. a4 $17) 32... Rc8 (32... b5 $1 $19 33. Qf1 Bd8) 33. Qe1 (33. a4 $17) 33... R4c6 (33... b5 $19 34. Qe2 a5) 34. Qd2 (34. a4 $17) 34... Bd8 ({Better is} 34... b5 $19 35. Qe2 g6) 35. Be1 (35. a4 $17 {might work better.}) 35... b5 $19 36. Qe2 Be7 37. e4 Bf8 38. Rc1 Rxc3 ({Black should play} 38... dxe4 $1 $17 39. fxe4 Rxc3 $1 {[%mdl 512]} 40. bxc3 Bd3 $1 {[%mdl 512]}) 39. Bxc3 $15 Qxa2 40. Rxc2 Qb3 41. exd5 $1 Qxd5 42. Qe5 Bd6 43. Qxd5 exd5 {[%mdl 4096] Endgame KRB-KRB} 44. Rc1 Rc4 45. Ra1 Kh7 46. f4 (46. Rc1 $15) 46... Kg6 $17 47. Kf3 f6 48. Ke3 Kf5 49. Kd3 {[#]} Kg4 $1 50. Re1 {[#]} Kxg3 (50... b4 $1 $17 {[%cal Rb4c3]} 51. axb4 Bxb4) 51. Rg1+ $15 Kxh4 (51... Kxf4 $17 52. Rxg7 Rc6) 52. Be1+ $11 Kh3 53. Rg3+ Kh2 54. Rxg7 Rc7 55. Rg6 Bxf4 (55... Rf7 {feels hotter.} 56. Rh6 Kg2 57. Rxh5 f5 58. Rg5+ Kf3) 56. Rxf6 Bg3 57. Bxg3+ Kxg3 {KR-KR} 58. Rg6+ Kf3 59. Rf6+ Kg4 {And now ...h4 would win.} 60. Rg6+ Kf4 {Strongly threatening ...h4.} 61. Rf6+ Kg5 62. Rd6 h4 {[%cal Bh5h4,Bh4h3][%mdl 32]} 63. Rxd5+ Kg4 64. Rd6 Rh7 65. Rxa6 h3 {aiming for ...h2.} 66. Rg6+ Kh4 67. Rg1 h2 68. Rh1 Kg3 {Threatens to win with ...Kg2.} 69. d5 Kg2 70. Rxh2+ Rxh2 {KR-K3P} (70... Kxh2 $5 71. Ke4 $8 Rh8 $11) 71. d6 $2 {[%mdl 8192]} (71. Ke4 $11) 71... Rh6 $19 72. Kd4 Rxd6+ {KR-KPP} 73. Kc5 Rd3 $2 (73... Rd2 $19 74. b4 Kf3 75. Kxb5 Ke4) 74. Kxb5 $11 {The position is equal.} Kf3 {Hoping for ...Rb3+.} 75. a4 Ke4 {...Kd5 is the strong threat.} 76. Kc6 Ke5 77. a5 Rd6+ 78. Kb7 Rd7+ 79. Kc6 Ke6 {White must now prevent ...Ke7.} 80. a6 Rd6+ 81. Kb7 Rd7+ 82. Kc6 Ke7 83. Kb6 Rd6+ 84. Kb7 Rd7+ 85. Kb6 Rd6+ 86. Ka5 Rd7 87. b4 $2 {[%mdl 40960] Precision: White = 52%, Black = 53%. . An unexpected result.} (87. Kb6 $11) 1/2-1/2

[Event "11th Mumbai Mayors Cup 2018"]
[Site "Mumbai"]
[Date "2018.06.10"]
[Round "10"]
[White "Pranavananda V"]
[Black "Rathnakaran, K."]
[Result "1/2-1/2"]
[WhiteElo "2183"]
[BlackElo "2385"]
[Annotator "TA"]
[PlyCount "126"]
[EventDate "2018.??.??"]
[EventType "swiss"]
[EventCountry "IND"]
[SourceTitle "playchess.com"]
[Source "ChessBase"]
[SourceQuality "1"]

{[%evp 23,126,39,37,33,27,0,30,0,35,22,79,79,71,72,65,15,23,27,95,84,99,0,8,17,60,63,59,57,59,63,83,76,89,61,64,52,54,50,66,57,72,53,89,69,115,78,78,76,83,33,116,98,119,62,178,185,224,87,78,68,91,84,144,145,144,138,158,145,296,277,252,115,102,106,127,0,39,29,39,0,0,0,0,0,0,0,0,0,0,0,0,0,0,0,0,0,0,0,0,0,0,0,0,0,0]} 1. e4 e6 2. d4 d5 3. Nd2 Nf6 4. e5 Nfd7 5. Bd3 c5 6. c3 Nc6 7. Ne2 cxd4 8. cxd4 f6 9. exf6 Nxf6 10. O-O Bd6 11. Nf3 Qc7 12. Nc3 a6 13. Bd2 {C06: French Tarrasch: 3...Nf6 4 e5 Nfd7 5 Bd3 main lines} O-O 14. Rc1 Bd7 15. Re1 {White has an edge.} Rae8 (15... Ng4 $5 {[%cal Rd6h2]} 16. Bxh7+ Kh8 $11) 16. Na4 (16. Ne5 {is interesting.} Qb8 17. Bf4 g6 18. g3 Bxe5 19. Bxe5 Nxe5 20. Rxe5 Qd6 21. Bf1) 16... e5 (16... Qd8 $11 {remains equal.}) (16... Bc8 17. Ne5 Qb8 18. Bf4 Nxd4 19. Bxh7+ Kxh7 20. Qxd4 Ne4 {1-0 (33) Shankland,S (2652)-Michiels,B (2563) Wijk aan Zee 2015}) 17. dxe5 Bxe5 18. Nxe5 $146 ({Predecessor:} 18. Rxe5 Rxe5 19. Bf4 Re1+ 20. Qxe1 Qxf4 {½-½ (49) Castro Torres,J (2319)-Brizuela Abreu,R (2207) Caracas 2015}) 18... Rxe5 19. Rxe5 Qxe5 20. h3 Qd4 (20... Bf5 $11 21. Bxf5 Qxf5) 21. Be3 $16 Qh4 22. Bc5 (22. Nc5 $16) 22... Re8 23. Nc3 Ne5 24. Bf1 Bc6 25. Bd4 Qg5 26. Rc2 h5 27. Kh1 h4 28. Re2 Ne4 29. Nxe4 dxe4 30. Be3 Qf5 31. Rd2 Kh7 32. Rd8 Re6 33. Qb3 Nd7 34. Be2 Nf6 35. Bc4 Re7 36. Qb6 Bb5 (36... Rd7 $14) 37. Bxb5 axb5 38. Qd6 $36 {[%mdl 2048] White fights for an advantage.} Rf7 (38... Re8 $14) 39. Qb8 $18 g5 40. Rf8 (40. Rc8 $18) 40... Rxf8 $16 41. Qxf8 {[#] aiming for Qf7+.} Kg6 42. Bd4 e3 (42... Qf4 $142) 43. Bxe3 Qb1+ 44. Kh2 Qxb2 {[#]} 45. Qc5 $1 g4 $2 (45... Nh7 $16 {keeps fighting.} 46. Bd4 Qxa2 47. Qb6+ (47. Qxb5 Qe6 $16) 47... Kh5 48. Qxb7 Qb1) 46. Qg5+ $18 Kf7 47. Qxh4 (47. hxg4 $18 {and White stays clearly on top.} Qe5+ 48. Qxe5 Nxg4+ 49. Kh3 Nxe5 50. Kxh4) 47... Qxa2 $16 48. hxg4 Qe6 49. Bg5 ({Only move:} 49. Kh3 $16) 49... Nxg4+ 50. Kg3 Ne5 $1 51. f4 Nc4 {...Qe1+ is the strong threat.The position is equal.} 52. Qh7+ Ke8 53. Qxb7 Nd6 54. Qc6+ Kf7 {( -> ...Nf5+)} 55. Qc7+ Kg6 56. Qc2+ Nf5+ 57. Kh2 {And now g4 would win.} Qc4 58. Qb2 Nd4 59. Be7 Qd5 60. Qb1+ Qf5 61. Qxf5+ Kxf5 62. g3 Kg4 63. Bb4 Ne2 {Precision: White = 41%, Black = 46%.} 1/2-1/2

[Event "11th Mumbai Mayors Cup 2018"]
[Site "Mumbai"]
[Date "2018.06.10"]
[Round "10"]
[White "Samant Aditya S"]
[Black "Karthik Venkataraman"]
[Result "*"]
[WhiteElo "2121"]
[BlackElo "2475"]
[Annotator "TA"]
[PlyCount "26"]
[EventDate "2018.??.??"]
[EventType "swiss"]
[EventCountry "IND"]
[SourceTitle "playchess.com"]
[Source "ChessBase"]
[SourceQuality "1"]

{[%evp 12,26,20,31,30,25,37,25,15,7,20,16,6,0,0,2,381]} 1. e4 c5 2. Nf3 d6 3. d4 Nf6 4. Nc3 cxd4 5. Nxd4 a6 6. h3 e6 7. g4 Nfd7 {B81: Sicilian Scheveningen: Keres Attack} 8. Be3 b5 9. a3 Bb7 {White has an edge.} 10. g5 {The position is equal.} Nb6 11. Bg2 N8d7 12. h4 Rc8 13. h5 $146 ({Predecessor:} 13. Nde2 Be7 14. b3 {½-½ (55) Adams,M (2742)-Ragger,M (2695) Germany 2016}) 13... g6 $2 {[%mdl 8192]} (13... Nc4 $11 {and Black has nothing to worry.} 14. Bc1 Be7) *

[Event "11th Mumbai Mayors Cup 2018"]
[Site "Mumbai"]
[Date "2018.06.10"]
[Round "10"]
[White "Samant Aditya S"]
[Black "Karthik Venkataraman"]
[Result "0-1"]
[WhiteElo "2121"]
[BlackElo "2475"]
[Annotator "TA"]
[PlyCount "118"]
[EventDate "2018.??.??"]
[EventType "swiss"]
[EventCountry "IND"]
[SourceTitle "playchess.com"]
[Source "ChessBase"]
[SourceQuality "1"]

{[%evp 19,118,9,22,25,25,14,37,-51,1,-28,6,-11,14,-24,-30,-35,-37,-35,-16,0,130,116,274,257,264,252,222,-42,-18,-108,-40,-12,-10,-11,-6,-39,0,0,0,-99,0,-54,-6,0,-2,-89,0,0,52,0,0,-127,-94,-130,-136,-122,-122,-643,-658,-648,-653,-639,-630,-817,-759,-694,-697,-747,-732,-681,-642,-590,-568,-5377,-1742,-29957,-29944,-29949,-29952,-29953,-29950,-7529,-12656,-7529,-7247,-6103,-3847,-6578,-5401,-5509,-5385,-29964,-29964,-29965,-29968,-29978,-29979,-29978,-29979,-29975,-8]} 1. e4 c5 2. Nf3 d6 3. d4 Nf6 4. Nc3 cxd4 5. Nxd4 a6 6. h3 e6 7. g4 Nfd7 {B81: Sizilianisch (Keres-Angriff)} 8. Be3 (8. Bg2 Be7 9. Nce2 Nc6 10. c3 Nce5 11. O-O Ng6 12. f4 Nh4 13. Bh1 O-O 14. f5 e5 15. Nc2 {0-1 (57) Fedoseev,V (2724)-Grischuk,A (2767) Moscow 2018}) 8... b5 9. a3 Bb7 10. g5 Nb6 {LiveBook: 8 Partien} 11. h4 N8d7 12. h5 Rc8 $146 ({Vorgänger:} 12... Qc7 13. Rh3 Nc4 14. Bc1 Be7 15. f4 {½-½ (23) Privara,I (2503)-Evtushenko,S (2541) ICCF email 2014}) 13. Rg1 (13. g6 $14) 13... g6 (13... Rxc3 $15 14. bxc3 Qc7) 14. Rh1 gxh5 15. Qxh5 Qe7 (15... Rxc3 $5 16. bxc3 Bxe4 $11) 16. g6 fxg6 17. Qg4 e5 18. Ne6 Nf6 19. Qh3 Nc4 (19... Rxc3 $11 20. bxc3 Bc8 21. Bxb6 Bxe6) 20. Bg5 $16 Nxb2 $2 (20... Nb6 $16) 21. Nd5 $1 $18 {[%cal Rd5e7]} Bxd5 22. exd5 Kf7 23. Qh4 $2 (23. Bc1 $1 $18 Re8 24. Bxb2) 23... Bg7 24. Rh3 (24. Nxg7 $11 Kxg7 25. Qh6+ Kf7 26. Bh3) 24... h6 ({Günstiger ist} 24... e4 $1 $17 25. Be2 h6 26. Bxf6 Qxf6) 25. Bxf6 $1 $15 Bxf6 ({Doch nicht} 25... Qxf6 $6 26. Qe4 $16) 26. Qe4 $1 Na4 {zielt auf ...Sc3 ab.} 27. Bd3 {[%csl Gd3][%cal Re4g6]} Rcg8 28. Rg3 g5 {[%cal Bg6g5,Bg5g4][%mdl 32] Droht ...Sc3 und aus.} 29. Qf3 (29. c4 $11) 29... Ke8 (29... h5 $1 $17 {...g4 ist eine echte Drohung.} 30. Nxg5+ Rxg5 $1 {[%mdl 512]} 31. Rxg5 e4 32. Bxe4 Nc3 33. Rxh5 Qxe4+ 34. Qxe4 Nxe4 35. Rxh8 Bxh8) 30. Be4 (30. Rb1 $11) 30... h5 (30... g4 $5 31. Rxg4 Qf7 32. Rxg8+ Rxg8 $17) 31. c4 g4 32. Qd3 Qa7 ({Lieber} 32... h4 $1 $17 {[%cal Rh4g3]} 33. Bg6+ Kd7) 33. cxb5 $11 Ke7 ({Besser ist} 33... h4 $11 34. Re3 h3) 34. Rc1 (34. bxa6 $14 h4 35. Rb1) 34... Rc8 $36 {[%mdl 2048] Schwarz hat Druck.} 35. Rc6 (35. Rxc8 $11 {hält das Gleichgewicht.} Rxc8 36. Bf3 $1 {[%mdl 512]}) 35... axb5 $17 36. Qxb5 Rxc6 37. Qxc6 {Schwarz muss nun Tb3 beachten.} Bh4 38. Ng7 $2 {[%mdl 8192]} (38. Rg2 $17) 38... Rf8 $19 39. Nf5+ {[#]} Rxf5 $1 {[%mdl 512]} 40. Bxf5 Bxg3 41. fxg3 Qe3+ 42. Kd1 Qf3+ 43. Kc1 {Und Dd7+ würde nun gewinnen.} Qxa3+ 44. Kd2 Qb4+ 45. Ke2 {beabsichtigt Dd7+.} Qb5+ 46. Qxb5 {Droht Matt per Dd7+.} Nc3+ 47. Kd3 Nxb5 {[%mdl 4096] Endspiel KL-KS} 48. Bg6 Kf6 49. Bxh5 Kg5 50. Be8 {[#]} Nd4 $1 {[%cal Rd4f5]} 51. Ke3 Nf5+ 52. Kf2 e4 {[%cal Be5e4,Be4e3][%mdl 32]} 53. Bd7 Kf6 54. Bc8 Ke5 55. Be6 e3+ {Schwarz setzt Matt.} 56. Ke2 Ke4 57. Bxf5+ Kxf5 58. Kd3 {[#]} e2 $1 {[%mdl 512]} 59. Kxe2 Ke5 $2 {[%mdl 32768] Precision: Weiß = 39%, Schwarz = 63%. . Sensor Board Error (Ke4/e5)?} (59... Ke4 {setzt Matt} 60. Kd2 Kf3 61. Kd3 Kxg3 62. Ke4 Kf2 63. Kf5 g3 64. Ke6 g2 65. Kxd6 g1=Q 66. Kd7 Qg4+ 67. Ke7 Qe4+ 68. Kd6 Ke3 69. Kc5 Qc2+ 70. Kd6 Kd4 71. Ke6 Qg6+ 72. Kd7 Kxd5 73. Kc7 Qb1 74. Kd8 Qb7 75. Ke8 Ke6 76. Kf8 Qf7#) 0-1